000 00619nam a2200253Ia 4500
003 OSt
005 20221007102107.0
006 a|||||r|||| 00| 0
007 ta
008 221006b |||||||| |||| 00| 0 eng d
024 _a9,386
037 _cTextual
040 _aLCO
_cLCO
_beng
041 _2eng
_aeng
082 _aY:4:6, P4
100 _aMOHANTY M ED.
_9704286
245 0 _aClass, Caste, Gender
250 _a1
260 _aNew
_bDelhi Sage Pub.
_c2004
300 _a439
650 _aGENDER LAW
_9704287
942 _hY:4:6, P4
_cTEXL
999 _c1178949
_d1178949